000 02124nam a2200349 a 4500
001 000039150
003 DO-SdBNP
005 20250421113736.0
008 130528s2012 dr ad 001 0 spa d
020 _a9789945074789
040 _aDO-SdBNP
_bspa
_cBNPHU
082 _a305.56330972935
_bS194c, 2012
100 1 _aSan Miguel, Pedro L.
_920508
245 1 4 _aLos campesinos del Cibao :
_beconomía de mercado y transformación agraria en la República Dominicana 1880-1960 /
_cPedro L. San Miguel ; prólogo, Ramón Paniagua.
250 _a2ª ed.
260 _aSanto Domingo :
_bArchivo General de la Nación,
_c2012.
300 _a519 p. :
_bil., gráfcs. ;
_c24 cm.
490 1 _aArchivo General de la Nación ;
_v179
500 _aIncluye datos biográficos del autor en las solapas de la cubierta.
500 _aIncluye bibliografía y notas al pie de páginas.
504 _aBibliografía : p. 477-507.
505 0 _gIndice de tablas, gráficas, mapas y planos rurales --
_gAbreviaturas --
_gPrólogo /
_rRamón Paniagua --
_gPrólogo de la primera edición/
_rRoberto Cassá --
_gPrefacio --
_gIntroducción --
_tLa formación del campesinado: la historia agraria dominicana --
_tEl Cibao: paisajes y regiones --
_tPoblación y uso de la tierra --
_tComerciantes, intermediarios y campesinos --
_tLa economía rural y el crédito --
_tLa tierra y la sociedad campesina --
_tEl Estado y el campesinado --
_tConclusiones: Los campesinos del Caribe: una perspectiva cibaeña --
_gEpílogo --
_gFuentes y bibliografía.
590 _aInventariado, 2018/BT
650 4 _aCampesinos
_zRepública Dominicana
_zValle Del Cibao
_xHistoria
_92072
650 4 _aAgricultura
_xAspectos económicos
_zRepública Dominicana
_zValle Del Cibao
_xHistoria
_92073
650 0 _aAgricultura y estado
_zRepública Dominicana
_zValle Del Cibao
_xHistoria
_936241
650 4 _aTenencia de la tierra
_zRepública Dominicana
_zValle Del Cibao
_92075
651 4 _aValle Del Cibao (República Dominicana)
_xCondiciones Rurales
_92076
700 1 _aPaniagua, Ramón,
_epról.
_963851
910 _aValidado. Control de calidad. EMS
942 _2ddc
_cLBS1
999 _c38640
_d38640